| 000 | 01052pam a2200313 a 4500 | ||
|---|---|---|---|
| 001 | 3449726 | ||
| 003 | OSt | ||
| 005 | 20170518103438.0 | ||
| 008 | 920508s1993 nyuab b 001 0 eng | ||
| 010 | _a 92019326 | ||
| 020 | _a0393962237 (cl) | ||
| 020 | _a0393962245 (pbk. : v. 1) | ||
| 020 | _a0393962253 (pbk. : v. 2) | ||
| 040 |
_aMMU _cMMU _dMMU _bENG |
||
| 050 | 0 | 0 |
_aQH308.2 _b.K44 1993 |
| 082 | 0 | 0 |
_a574 _220 |
| 100 | 1 | _aKeeton, William T. | |
| 245 | 1 | 0 |
_aBiological science / _cWilliam T. Keeton, James L. Gould, with Carol Grant Gould. |
| 250 | _a5th ed. | ||
| 260 |
_aNew York : _bNorton, _cc1993. |
||
| 300 |
_axxiv, 1194, A92 p. : _bill. (some col.), col. maps ; _c27 cm. |
||
| 504 | _aIncludes bibliographical references and index. | ||
| 650 | 0 | _aBiology. | |
| 700 | 1 |
_aGould, James L., _d1945- |
|
| 700 | 1 | _aGould, Carol Grant. | |
| 906 |
_a7 _bcbc _corignew _d1 _eocip _f19 _gy-gencatlg |
||
| 942 |
_2lcc _cLOAN LOAN |
||
| 999 |
_c24749 _d24749 |
||